000 00509nam a2200169Ia 4500
999 _c26644
_d26644
003 OSt
005 20201228144237.0
008 190216s9999||||xx |||||||||||||| ||und||
040 _coclc
082 _a894.8121
_bAKH/C
100 _aAkhmatova, Anna
_97470
245 0 _aCharamageetham /
_cAnna Akhmatova ; Puthussery Ramachandran
260 _bPrabhath Book House,
_c1989.
_aTrivandrum:
300 _a80p
650 _aKavithkal
942 _cBK
_2ddc
_h894.8121
_iAKH/C
_k894.8121
_mAKH/C